Transnational relations and world politics. (Record no. 1899)

MARC details
000 -LEADER
fixed length control field 01122cam a2200301 4500
001 - CONTROL NUMBER
control field 3182494
003 - CONTROL NUMBER IDENTIFIER
control field OSt
005 - DATE AND TIME OF LATEST TRANSACTION
control field 20230620160319.0
008 - FIXED-LENGTH DATA ELEMENTS--GENERAL INFORMATION
fixed length control field 720606r1971 mau b 001 0 eng
010 ## - LIBRARY OF CONGRESS CONTROL NUMBER
LC control number 76178076
020 ## - INTERNATIONAL STANDARD BOOK NUMBER
International Standard Book Number 0674904818
040 ## - CATALOGING SOURCE
Original cataloging agency DLC
Transcribing agency DLC
Modifying agency DLC
050 00 - LIBRARY OF CONGRESS CALL NUMBER
Classification number JX1395
Item number .K43
082 00 - DEWEY DECIMAL CLASSIFICATION NUMBER
Classification number 327/.08
Item number KEO
100 1# - MAIN ENTRY--PERSONAL NAME
Personal name Keohane, Robert O.
Fuller form of name (Robert Owen),
Dates associated with a name 1941-
245 10 - TITLE STATEMENT
Title Transnational relations and world politics.
Statement of responsibility, etc. Edited by Robert O. Keohane and Joseph S. Nye, Jr.
260 ## - PUBLICATION, DISTRIBUTION, ETC. (IMPRINT)
Place of publication, distribution, etc. Cambridge, Mass.,
Name of publisher, distributor, etc. Harvard University Press,
Date of publication, distribution, etc. 1972.
300 ## - PHYSICAL DESCRIPTION
Extent xxix, 428 p.
Dimensions 27 cm.
350 ## - PRICE (NR) (BK AM CF MU VM SE) [OBSOLETE]
Price $12.50
500 ## - GENERAL NOTE
General note "Written under the auspices of the Center for International Affairs, Harvard University."
500 ## - GENERAL NOTE
General note "The essays in this volume appeared in ... International organization ... vol. XXV, no. 3 (summer 1971)"
504 ## - BIBLIOGRAPHY, ETC. NOTE
Bibliography, etc Bibliography: p. 399-408.
650 #0 - SUBJECT ADDED ENTRY--TOPICAL TERM
Topical term or geographic name as entry element International relations.
700 1# - ADDED ENTRY--PERSONAL NAME
Personal name Nye, Joseph S.,
Relator term joint author.
710 2# - ADDED ENTRY--CORPORATE NAME
Corporate name or jurisdiction name as entry element Harvard University.
Subordinate unit Center for International Affairs.
906 ## - LOCAL DATA ELEMENT F, LDF (RLIN)
a 7
b cbc
c orignew
d 2
e ncip
f 19
g y-gencatlg
942 ## - ADDED ENTRY ELEMENTS (KOHA)
Source of classification or shelving scheme Dewey Decimal Classification
Koha item type Books
Holdings
Withdrawn status Lost status Source of classification or shelving scheme Damaged status Not for loan Home library Current library Date acquired Total Checkouts Full call number Barcode Date last seen Price effective from Koha item type
    Dewey Decimal Classification     County Hall Archives County Hall Archives 06/20/2023   327/.08 KEO 10000189 06/20/2023 06/20/2023 Books
LIBRARY OPENING HOURS

When the Parliament is sitting: 8.00a.m - 7.00p.m or until the house adjourns
Mondays and Fridays and when the House is on Recess:  8.00a.m - 5.00p.m
Closed on Weekends and Public Holidays

Online Public Access Catalog (OPAC)
Website: http://www.parliament.go.ke
Bunge Library: https://libraryir.parliament.go.ke
Contact: library@parliament.go.ke | Tel no: (254-2)2221291 or 2848000 Ext 5043